| 000 | 00000nam##2200000za#4500 |
| 001 | 9.570573 |
| 003 | CaOODSP |
| 005 | 20210624182314 |
| 007 | cr ||||||||||| |
| 008 | 150406|1996||||xxc|||||o f|0| 0 eng|d |
| 040 | |aCaOODSP|beng |
| 043 | |an-cn--- |
| 086 | 1 |aC21-24/14-1996E-PDF |
| 110 | 1 |aCanada.|bIndustry Canada. |bMicro-Economic Analysis Directorate. |
| 245 | 10|aEmployment performance in the knowledge-based economy / |h[electronic resource]|cby Surendra Gera and Philippe Massé. |
| 260 | |aOttawa - Ontario : |bIndustry Canada. |cDecember 1996. |
| 300 | |a120p.|bfig., graphs, tables |
| 490 | 1 |aWorking paper series|vNo. 14 |
| 500 | |a"Human Resources Development Canada W-97-9E/F"--p.2 of 120. |
| 504 | |aBibliography. |
| 590 | |a12-10-Supp|b2012-03-23 |
| 720 | 1 |aGera, Surendra |
| 720 | 1 |aMassé, Philippe |
| 775 | 08|tPerformance de l'emploi dans l'économie du savoir / |w(CaOODSP)9.601222 |
| 776 | 0#|tPerformance de l'emploi dans l'économie du savoir / |w(CaOODSP)9.528341 |
| 776 | 0#|tEmployment performance in the knowledge-based economy / |w(CaOODSP)9.528340 |
| 830 | #0|aWorking paper series ;|vNo. 14|w(CaOODSP)9.504711 |
| 856 | 40|ahttp://publications.gc.ca|qPDF|s1.83 MB|uhttps://publications.gc.ca/collections/Collection/C21-24-14-1996E.pdf|yNo. 14 |